000 00479ntaaa2200181 4500
003 01
005 20251027202352.0
008 0714s1973 ag 01
040 _aAR-BaBN
_bspa
_cAR-BaBN
_eaacr
_dRIC
082 _a282.0000 L52
100 _aLehmann, Leo H.
_922401
245 _aLa pólitica del vaticano en la segunda guerra mundial
250 _a1 ed.
260 _aMéxico :
_bCasa Unida de Publicaciones,
_c1946
300 _a85 p
650 _aVaticano
_922402
942 _cBK
999 _c18606
_d18606